000 00373nam a22001577a 4500
003 OSt
005 20250228100004.0
008 250228b |||||||| |||| 00| 0 eng d
020 _a9788119896028
040 _c
082 _28
_a371.2
_bMAD
245 _aNTA UGC NET SET teaching Aptitude
_cMadaan,K.V.S
250 _a8
260 _bPearson
_c2024
942 _2ddc
_cBK
_e8
_n0
999 _c36156
_d36156